Radiation-chemical and thermal grafting of thin films for functional PVDF membrane; Физико-технические проблемы в науке, промышленности и медицине

Dades bibliogràfiques
Parent link:Физико-технические проблемы в науке, промышленности и медицине.— 2015.— [С. 143-144]
Autor principal: Il’ A. P.
Autor corporatiu: Национальный исследовательский Томский политехнический университет (ТПУ)
Sumari:Заглавие с титульного экрана
Idioma:anglès
Publicat: 2015
Col·lecció:Физико-химические и изотопные технологии в науке, промышленности и медицине
Matèries:
Accés en línia:http://earchive.tpu.ru/handle/11683/17644
http://www.lib.tpu.ru/fulltext/c/2015/C49/113.pdf
Format: MixedMaterials Electrònic Capítol de llibre
KOHA link:https://koha.lib.tpu.ru/cgi-bin/koha/opac-detail.pl?biblionumber=612706

MARC

LEADER 00000naa2a2200000 4500
001 612706
005 20231101132724.0
035 |a (RuTPU)RU\TPU\conf\10837 
035 |a RU\TPU\conf\10836 
090 |a 612706 
100 |a 20150624d2015 k y0rusy50 ba 
101 0 |a eng 
102 |a RU 
105 |a y z 101zy 
135 |a drcn ---uucaa 
181 0 |a i  
182 0 |a b 
200 1 |a Radiation-chemical and thermal grafting of thin films for functional PVDF membrane  |f A. P. Il’ 
203 |a Текст  |c электронный 
225 1 |a Физико-химические и изотопные технологии в науке, промышленности и медицине 
230 |a 1 компьютерный файл (pdf; 421 Кb) 
300 |a Заглавие с титульного экрана 
320 |a [Библиогр.: с. 144 (2 назв.)] 
337 |a Adobe Reader 
463 0 |0 (RuTPU)RU\TPU\conf\10637  |t Физико-технические проблемы в науке, промышленности и медицине  |o сборник тезисов докладов VII Международной научно-практической конференции, г. Томск, 3-6 июня 2015 г.  |f Национальный исследовательский Томский политехнический университет (ТПУ) ; под ред. А. Н. Дьяченко [и др.]  |v [С. 143-144]  |d 2015 
610 1 |a труды учёных ТПУ 
610 1 |a электронный ресурс 
610 1 |a радиационно-химическая прививка 
610 1 |a термические прививки 
610 1 |a тонкие пленки 
610 1 |a мембраны 
700 1 |a Il’  |b A. P. 
712 0 2 |a Национальный исследовательский Томский политехнический университет (ТПУ)  |c (2009- )  |2 stltpush  |3 (RuTPU)RU\TPU\col\15902 
801 2 |a RU  |b 63413507  |c 20210210  |g RCR 
856 4 |u http://earchive.tpu.ru/handle/11683/17644 
856 4 |u http://www.lib.tpu.ru/fulltext/c/2015/C49/113.pdf 
942 |c BK